Nukleární kardiologie /

Hlavní autor: Lang, Otto, 1960-
Další autoři: Kamínek, Milan, 1938-, Trojanová, Helena
Jazyk: Čeština
Vydáno: Praha : Galén, c2008
Vydání: 1. vyd.
Edice: Klinická kardiologie
Témata:
Externí odkaz: Digitalizovaný dokument
Fyzický popis: 130 s. : il. (převážně barev.) ; 29 cm
Knihy
Uloženo v:
LEADER 01617nam a2200421 a 4500
001 nkc20081804756
003 CZ PrNK
005 20081009153312.0
007 ta
008 080519s2008 xr a f 001 0 cze
015 |a cnb001804756 
020 |a 978-80-7262-481-2  |q (váz.) 
040 |a OLA001  |b cze  |d BOA001 
072 7 |a 616  |x Patologie. Klinická medicína  |2 Konspekt  |9 14 
080 |a 616.12:621.039.8  |2 MRF 
080 |a (048.8)  |2 MRF 
100 1 |a Lang, Otto,  |d 1960-  |7 nlk19990073483  |4 aut 
245 1 0 |a Nukleární kardiologie /  |c Otto Lang, Milan Kamínek, Helena Trojanová 
250 |a 1. vyd. 
260 |a Praha :  |b Galén,  |c c2008 
300 |a 130 s. :  |b il. (převážně barev.) ;  |c 29 cm 
490 1 |a Klinická kardiologie ;  |v sv. 2 
504 |a Obsahuje bibliografie a rejstřík 
521 8 |a Určeno odborné veřejnosti 
650 0 7 |a nukleární kardiologie  |7 ph202589  |2 czenas 
650 0 9 |a nuclear cardiology  |2 eczenas 
655 7 |a monografie  |7 fd132842  |2 czenas 
655 9 |a monographs  |2 eczenas 
700 1 |a Kamínek, Milan,  |d 1938-  |7 jk01052807  |4 aut 
700 1 |a Trojanová, Helena  |7 mzk2008458969  |4 aut 
830 0 |a Klinická kardiologie  |0 s 
856 4 1 |u http://www.digitalniknihovna.cz/mzk/uuid/uuid:82ece340-8ac3-11ea-ae16-005056827e52  |y Digitalizovaný dokument  |x NDK 
910 2 |a BOA001  |b 3-1206.419 
990 |a BK 
995 |a 01 
991 |b 200808  |c NOV 
996 6 |b 2610349561  |c 3-1206.419  |l MZK  |r Sklad / do 1 hodiny  |n 0  |p p.v.  |w 001070117  |u 000010  |a 1  |e BOA001  |j MZK50  |s P 
996 7 |b 2610349955  |c 3-1206.419  |l MZK  |r Sklad / do 1 hodiny  |n 4  |p kup  |w 001070117  |u 000020  |a 1  |e BOA001  |j MZK50  |s A